Learning Resource and Development

Sustainable manufacturing systems : (Record no. 29919)

MARC details
000 -LEADER
fixed length control field 04357nam a2200313 i 4500
003 - CONTROL NUMBER IDENTIFIER
control field CSPC
005 - DATE AND TIME OF LATEST TRANSACTION
control field 20250812171151.0
008 - FIXED-LENGTH DATA ELEMENTS--GENERAL INFORMATION
fixed length control field 250807s2023 nju b 001 0 eng d
020 ## - INTERNATIONAL STANDARD BOOK NUMBER
International Standard Book Number 9781119578246
040 ## - CATALOGING SOURCE
Transcribing agency CSPC
Original cataloging agency CSPC
Language of cataloging eng
Description conventions rda
050 04 - LIBRARY OF CONGRESS CALL NUMBER
Classification number TS155.7
Item number .L56 2023
082 04 - DEWEY DECIMAL CLASSIFICATION NUMBER
Classification number 670
Item number L612s
100 1# - MAIN ENTRY--PERSONAL NAME
Personal name Li, Lin,
Relator term author.
245 10 - TITLE STATEMENT
Title Sustainable manufacturing systems :
Remainder of title an energy perspective /
Statement of responsibility, etc. Lin Li and Mengchu Zhou.
264 #1 - PRODUCTION, PUBLICATION, DISTRIBUTION, MANUFACTURE, AND COPYRIGHT NOTICE
Place of production, publication, distribution, manufacture Hoboken, New Jersey :
Name of producer, publisher, distributor, manufacturer Wiley-IEEE Press,
Date of production, publication, distribution, manufacture, or copyright notice 2023.
300 ## - PHYSICAL DESCRIPTION
Extent xxxi, 395 pages :
Other physical details illustrations ;
Dimensions 24 cm.
336 ## - CONTENT TYPE
Source rdacontent
Content type term text
337 ## - MEDIA TYPE
Source rdamedia
Media type term unmediated
338 ## - CARRIER TYPE
Source rdacarrier
Carrier type term volume
490 0# - SERIES STATEMENT
Series statement IEEE Press series on systems science and engineering
504 ## - BIBLIOGRAPHY, ETC. NOTE
Bibliography, etc. note Includes bibliographical references and index.
505 0# - FORMATTED CONTENTS NOTE
Formatted contents note Introduction to energy efficiency in manufacturing systems -- Introduction -- Energy efficiency in manufacturing systems -- Mathematical tools and modeling basics -- Mathematical tools -- Mathematical modeling of manufacturing systems -- Energy efficiency characterization in manufacturing systems -- Energy management in typical manufacturing systems -- Electricity demand response for manufacturing systems -- Energy control and optimization for manufacturing systems utilizing combined heat and power system -- Plant-level energy management for combined manufacturing and HVAC system -- Energy management in advanced manufacturing systems -- Energy analysis of stereolithography-based additive manufacturing -- Energy efficiency modeling and optimization of cellulosic biofuel manufacturing system -- Energy-consumption minimized scheduling of flexible manufacturing systems -- Summaries and conclusions -- Research trends and future directions in sustainable industrial development.
520 ## - SUMMARY, ETC.
Summary, etc. Sustainable Manufacturing Systems: An Energy Perspective delivers a comprehensive analysis of energy efficiency in sustainable manufacturing. The book presents manufacturing modeling methods and energy efficiency evaluation and improvement methods for different manufacturing systems. It allows industry professionals to understand the methodologies and techniques being embraced around the world that lead to advanced energy management. The book offers readers a comprehensive and systematic theoretical foundation for novel manufacturing system modeling, analysis, and control. It concludes with a summary of the insights and applications contained within and a discussion of future research issues that have yet to be grappled with. Sustainable Manufacturing Systems answers the questions that energy customers, managers, decision makers, and researchers have been asking about sustainable manufacturing. The book’s release coincides with recent and profound advances in smart grid applications and will serve as a practical tool to assist industrial engineers in furthering the green revolution. Readers will also benefit from: A thorough introduction to energy efficiency in manufacturing systems, including the current state of research and research methodologies. An exploration of the development of manufacturing methodologies, including mathematical modeling for manufacturing systems and energy efficiency characterization in manufacturing systems. An analysis of the applications of various methodologies, including electricity demand response for manufacturing systems and energy control and optimization for manufacturing systems utilizing combined heat and power systems. A discussion of energy efficiency in advanced manufacturing systems, like stereolithography additive manufacturing and cellulosic biofuel manufacturing systems. Perfect for researchers, undergraduate students, and graduate students in engineering disciplines, especially for those majoring in industrial, mechanical, electrical, and environmental engineering, Sustainable Manufacturing. Systems will also earn a place in the libraries of management and business students interested in manufacturing system cost performance and energy management. -- Back cover.
650 #0 - SUBJECT ADDED ENTRY--TOPICAL TERM
Topical term or geographic name entry element Manufacturing processes
General subdivision Environmental aspects.
650 #0 - SUBJECT ADDED ENTRY--TOPICAL TERM
Topical term or geographic name entry element Sustainable engineering.
700 1# - ADDED ENTRY--PERSONAL NAME
Personal name Zhou, MengChu,
Relator term author.
942 ## - ADDED ENTRY ELEMENTS (KOHA)
Source of classification or shelving scheme Dewey Decimal Classification
Suppress in OPAC No
Koha item type Books
Classification part 670
Item part L612s
Call number prefix ENG
Call number suffix 2023
Holdings
Withdrawn status Lost status Source of classification or shelving scheme Damaged status Not for loan Home library Current library Shelving location Date acquired Total Checkouts Full call number Barcode Date last seen Copy number Price effective from Koha item type
    Dewey Decimal Classification     Main Library Main Library Engineering Section 08/07/2025   ENG 670 L612s 2023 029903 08/07/2025 1-1 08/07/2025 Books